[Event "27.Bayer.Senioren-EM2015"]
[Site ""]
[Date "2015.06.15"]
[Round "5.33"]
[White "Boldt, Heinrich"]
[Black "Lueders, Guenter"]
[Result "1-0"]
[WhiteElo "1682"]
[BlackElo "1603"]
[PlyCount "119"]
[EventDate "2015.??.??"]
[WhiteTeam "TSV Kareth-Lappersdorf"]
[BlackTeam "TSV Benshausen"]

1. d4 d5 2. Nf3 Nf6 3. Bg5 Nbd7 4. Nc3 e6 5. e3 Be7 6. Bd3 O-O 7. Qe2 c5 8. Qd2
cxd4 9. exd4 a6 10. O-O b5 11. a3 Bb7 12. Qf4 Rc8 13. Rfe1 Re8 14. Ne5 Nxe5 15.
dxe5 Nd7 16. Bxe7 Qxe7 17. Re3 h6 18. Rg3 Kh8 19. Re1 Nc5 20. Ree3 Nxd3 21.
Rxd3 Rc4 22. Qe3 b4 23. Rh3 Rh4 24. Rxh4 Qxh4 25. Rd4 Qe7 26. Rxb4 Rc8 27. Qb6
Rc7 28. Qd6 Rd7 29. Qxe7 Rxe7 30. Ne2 Rc7 31. Nd4 Kh7 32. f4 g6 33. Kf2 Kg7 34.
Rb6 Kf8 35. Ke3 Ke7 36. g3 h5 37. a4 Kd7 38. Kd3 Ke7 39. Nb3 Bc8 40. Na5 Ke8
41. Rc6 Rxc6 42. Nxc6 Bd7 43. Nb4 Bxa4 44. b3 Bb5+ 45. Kd4 Kd7 46. Kc5 Kc7 47.
c4 dxc4 48. bxc4 Be8 49. Nxa6+ Kb7 50. Nb4 Kc7 51. Na2 Bd7 52. Nc3 Kb7 53. Nb5
Kc8 54. Nd6+ Kc7 55. Nxf7 Be8 56. Nd6 Bd7 57. Ne4 Be8 58. Nd6 Bd7 59. Nb5+ Kb7
60. Kd6 1-0

[Event "27.Bayer.Senioren-EM2015"]
[Site ""]
[Date "2015.06.15"]
[Round "5.34"]
[White "Baumgartner, Andreas"]
[Black "Alefs, Heinz"]
[Result "1-0"]
[WhiteElo "1677"]
[BlackElo "1567"]
[PlyCount "141"]
[EventDate "2015.??.??"]
[WhiteTeam "ASV J'Adoube Grassau"]
[BlackTeam "SC Eichenau"]

1. d4 f5 2. e4 fxe4 3. Nc3 Nf6 4. Bg5 d6 5. Bxf6 exf6 6. Nxe4 Bf5 7. Bd3 Nc6 8.
c3 Qe7 9. Qe2 Bg6 10. Rd1 a6 11. Nf3 Bf7 12. b3 d5 13. Nc5 Qxe2+ 14. Bxe2 Bxc5
15. dxc5 O-O 16. O-O Rae8 17. Rd2 Ne5 18. Nd4 Re7 19. f4 Ng6 20. g3 Rfe8 21.
Bf3 c6 22. Nf5 Rc7 23. Kf2 Ne7 24. Nd6 Rd8 25. Bg4 g6 26. Re1 f5 27. Bf3 Nc8
28. Nc4 Rcd7 29. Ne5 Re7 30. b4 Rde8 31. a4 Na7 32. Red1 Rb8 33. Be2 Be6 34.
Bd3 Kg7 35. Bc2 Kf6 36. h3 g5 37. Re2 gxf4 38. gxf4 Rg8 39. Rg1 Rxg1 40. Kxg1
Rg7+ 41. Kf2 Nc8 42. Nf3 h6 43. Nd4 Bd7 44. Bd3 Na7 45. Re5 Re7 46. Rxe7 Kxe7
47. Bxf5 Be8 48. h4 Kf6 49. Bd3 Bd7 50. Kg3 Be8 51. Nf3 Nc8 52. Ne5 Na7 53.
Ng4+ Kg7 54. f5 h5 55. Ne3 Kf6 56. Kf4 Nc8 57. Nc2 Na7 58. Nd4 Bd7 59. Be2 Be8
60. Ne6 Bd7 61. Nd4 Be8 62. c4 dxc4 63. Bxc4 Bd7 64. Ne6 Nc8 65. Nd4 Na7 66.
Be2 Be8 67. Ne6 Nc8 68. Nd8 Ne7 69. Nxb7 Nd5+ 70. Kg3 Kxf5 71. Nd6+ 1-0

[Event "27.Bayer.Senioren-EM2015"]
[Site ""]
[Date "2015.06.15"]
[Round "5.35"]
[White "Conitz, Helmut"]
[Black "Walch, Roger"]
[Result "0-1"]
[WhiteElo "1343"]
[BlackElo "1666"]
[PlyCount "78"]
[EventDate "2015.??.??"]
[WhiteTeam "SF Witzlasreuth"]
[BlackTeam "SW Nürnberg Süd"]

1. e4 e6 2. d4 d5 3. e5 c5 4. Bb5+ Bd7 5. Bxd7+ Nxd7 6. c3 cxd4 7. cxd4 Qb6 8.
Nf3 Qa6 9. Nc3 Rc8 10. Bd2 Ne7 11. Qe2 Qxe2+ 12. Kxe2 a6 13. Rac1 Nc6 14. a3
Be7 15. Rhd1 O-O 16. Kf1 Nd8 17. Ne2 Nc6 18. g3 Nb6 19. Bc3 f6 20. exf6 Bxf6
21. Kg2 Na4 22. Rd2 Be7 23. Rdc2 Nxc3 24. Rxc3 Bd6 25. Re3 Rce8 26. Ne5 Nxe5
27. dxe5 Bb8 28. f4 Ba7 29. Rd3 g5 30. Rf1 Rc8 31. Rc3 d4 32. Rxc8 Rxc8 33. Rc1
Rc6 34. Rxc6 bxc6 35. fxg5 d3 36. Nc3 Be3 37. h4 Bc1 38. Nd1 c5 39. a4 Kg7 0-1

[Event "27.Bayer.Senioren-EM2015"]
[Site ""]
[Date "2015.06.15"]
[Round "5.36"]
[White "Harke, Horst"]
[Black "Huetter, Heinz"]
[Result "1/2-1/2"]
[WhiteElo "1664"]
[BlackElo "1447"]
[PlyCount "58"]
[EventDate "2015.??.??"]
[WhiteTeam "SK Varel"]
[BlackTeam "SC Eichenau"]

1. d4 d5 2. c4 c6 3. e3 Nf6 4. Nc3 a6 5. Bd3 g6 6. Nf3 Bg4 7. h3 Bxf3 8. Qxf3
Bg7 9. O-O e6 10. Re1 Qc7 11. b3 O-O 12. Bb2 Nbd7 13. Rac1 Nb6 14. Ba3 Rfe8 15.
Bb2 Rf8 16. Rc2 Rac8 17. Bc1 Nbd7 18. cxd5 exd5 19. Ba3 Rfe8 20. Rec1 Qb8 21.
Re1 Re6 22. Bb2 Rce8 23. Qd1 Nb6 24. a4 Qd8 25. a5 Nbd7 26. b4 Qb8 27. Qa1 Qd6
28. Ba3 Qb8 29. Qc1 Bf8 1/2-1/2

[Event "27.Bayer.Senioren-EM2015"]
[Site ""]
[Date "2015.06.15"]
[Round "5.37"]
[White "Steffl, Herbert"]
[Black "Mahrla, Hans"]
[Result "1-0"]
[WhiteElo "1539"]
[BlackElo "1647"]
[PlyCount "81"]
[EventDate "2015.??.??"]
[WhiteTeam "ASV J'Adoube Grassau"]
[BlackTeam "SC Eichenau"]

1. Nf3 Nf6 2. d4 d5 3. e3 e6 4. Bd3 c5 5. c3 Nc6 6. O-O Bd6 7. Nbd2 O-O 8. Re1
Qc7 9. dxc5 Bxc5 10. e4 Ng4 11. Re2 Nce5 12. Nxe5 Qxe5 13. Nf3 Qc7 14. h3 dxe4
15. Bxe4 Nf6 16. Bc2 b6 17. Bg5 Bb7 18. Bxf6 Bxf3 19. Qd3 g6 20. Qxf3 Be7 21.
Bxe7 Qxe7 22. Rd1 Rad8 23. Red2 Rxd2 24. Rxd2 Qg5 25. Qe3 Qb5 26. b3 Rc8 27. a4
Qc6 28. c4 a6 29. Qd3 b5 30. axb5 axb5 31. cxb5 Qb6 32. h4 Ra8 33. h5 Ra1+ 34.
Kh2 Ra8 35. h6 Kf8 36. Qd6+ Qxd6+ 37. Rxd6 Ke7 38. Ra6 Rb8 39. Bd3 Rb7 40. Bc4
e5 41. f3 1-0

[Event "27.Bayer.Senioren-EM2015"]
[Site ""]
[Date "2015.06.15"]
[Round "5.38"]
[White "Hermann, Josef"]
[Black "Aufmwasser, Guenter"]
[Result "0-1"]
[WhiteElo "1645"]
[BlackElo "1494"]
[PlyCount "56"]
[EventDate "2015.??.??"]
[WhiteTeam "TSV Trostberg"]
[BlackTeam "SV Hilden"]

1. c4 f5 2. d4 Nf6 3. Nc3 e6 4. g3 Bb4 5. Bd2 c6 6. a3 Bxc3 7. Bxc3 Ne4 8. Qc2
d5 9. e3 O-O 10. f3 Nxc3 11. bxc3 Nd7 12. cxd5 exd5 13. Bd3 Nf6 14. Bxf5 Bxf5
15. Qxf5 Qe8 16. Qd3 Qe7 17. Kd2 c5 18. dxc5 Qxc5 19. Qd4 Qc6 20. Ne2 Rad8 21.
Qxa7 b6 22. Qa6 Nd7 23. Nd4 Qh6 24. Qe2 Ne5 25. Rhf1 Nc4+ 26. Ke1 Rfe8 27. Nc2
Nxe3 28. Nxe3 Rxe3 0-1

[Event "27.Bayer.Senioren-EM2015"]
[Site ""]
[Date "2015.06.15"]
[Round "5.39"]
[White "Kolkwitz, Klaus"]
[Black "Peiberg, Ehrhard"]
[Result "1/2-1/2"]
[WhiteElo "1670"]
[BlackElo "1469"]
[PlyCount "46"]
[EventDate "2015.??.??"]
[WhiteTeam "ESV Eberswalde"]
[BlackTeam "SC Erlangen"]

1. d4 Nf6 2. Nf3 d5 3. e3 Bg4 4. Bd3 Nbd7 5. Nbd2 c5 6. c3 e6 7. O-O Qc7 8. Qa4
Bd6 9. Re1 O-O 10. Qc2 c4 11. Be2 Bf5 12. Qd1 Ne4 13. g3 Nxd2 14. Nxd2 Nf6 15.
Bf3 Bh3 16. e4 dxe4 17. Nxe4 Nxe4 18. Bxe4 f5 19. Bf3 Kh8 20. Bg2 Bxg2 21. Kxg2
e5 22. dxe5 Bxe5 23. Qd5 Bd6 1/2-1/2

[Event "27.Bayer.Senioren-EM2015"]
[Site ""]
[Date "2015.06.15"]
[Round "5.40"]
[White "Laber, Dietrich"]
[Black "Wilfert, Eva-Maria"]
[Result "1-0"]
[WhiteElo "1561"]
[BlackElo "1389"]
[PlyCount "51"]
[EventDate "2015.??.??"]
[WhiteTeam "SF Steinsfurt"]
[BlackTeam "PTSV SK Hof"]

1. Nf3 d5 2. d4 Nf6 3. e3 Bg4 4. Nbd2 Nbd7 5. Bd3 g6 6. c3 Bg7 7. O-O c5 8. Re1
c4 9. Bc2 O-O 10. h3 Bxf3 11. Qxf3 e5 12. e4 dxe4 13. Nxe4 exd4 14. cxd4 Re8
15. Bg5 h6 16. Nxf6+ Nxf6 17. Rxe8+ Qxe8 18. Bxf6 Qc6 19. Bxg7 Kxg7 20. Qc3 Qc7
21. Re1 Rd8 22. d5+ f6 23. Re6 Rd6 24. Qxf6+ Kg8 25. Qxg6+ Kf8 26. Re8# 1-0

[Event "27.Bayer.Senioren-EM2015"]
[Site ""]
[Date "2015.06.15"]
[Round "5.41"]
[White "Jagdhuber, Hans"]
[Black "Siegmund, Rainer"]
[Result "0-1"]
[WhiteElo "1906"]
[BlackElo "1991"]
[PlyCount "78"]
[EventDate "2015.??.??"]
[WhiteTeam "SK Keres-Augsburg"]
[BlackTeam "SV Dresden-Striesen"]

1. c4 Nf6 2. g3 e6 3. Bg2 d5 4. Nf3 Be7 5. O-O O-O 6. b3 c5 7. Bb2 Nc6 8. e3 b6
9. Qe2 Qc7 10. Nc3 Bb7 11. Rac1 Rad8 12. cxd5 Nxd5 13. Nxd5 Rxd5 14. d4 Rd7 15.
Rfd1 Rfd8 16. dxc5 Rxd1+ 17. Rxd1 Bxc5 18. Ng5 Rxd1+ 19. Qxd1 h6 20. Ne4 Bf8
21. Nf6+ Kh8 22. Ng4 Kg8 23. Nf6+ Kh8 24. Qh5 e5 25. Ng4 f6 26. Qe8 Qd6 27. Be4
Nd8 28. Bxb7 Nxb7 29. Qc8 Nc5 30. h4 Nd3 31. Bc3 a5 32. Qc4 f5 33. Nh2 e4 34.
Nf1 Qd7 35. Qd4 Qc6 36. Qd8 Kg8 37. Bd4 b5 38. Qb6 Qxb6 39. Bxb6 a4 0-1

[Event "27.Bayer.Senioren-EM2015"]
[Site ""]
[Date "2015.06.15"]
[Round "5.42"]
[White "Garms, Ilse"]
[Black "Schallock, Helmut"]
[Result "0-1"]
[WhiteElo "1553"]
[BlackElo "1352"]
[PlyCount "82"]
[EventDate "2015.??.??"]
[WhiteTeam "ESV Eberswalde"]
[BlackTeam "SC Noris-Tarrasch Nürnberg"]

1. d4 d5 2. Nf3 Nf6 3. e3 e6 4. Bd3 Be7 5. Nbd2 c5 6. c3 Nc6 7. O-O O-O 8. dxc5
Bxc5 9. Qe2 Re8 10. e4 e5 11. b4 Bb6 12. exd5 Nxd5 13. Bb2 Nf4 14. Bxh7+ Kxh7
15. Qe4+ g6 16. Rad1 Bf5 17. Qe1 Bc2 18. Ne4 Bxd1 19. Nfg5+ Kg7 20. Qxd1 Qe7
21. Nf3 Rad8 22. Qb3 Ne2+ 23. Kh1 Nf4 24. Ba3 Qc7 25. Bb2 Nd3 26. Ba3 f6 27. g3
Qc8 28. Kg2 Ne7 29. c4 Bc7 30. Rd1 Qd7 31. Kf1 Qg4 32. Nxf6 Kxf6 33. Rxd3 Rxd3
34. Qxd3 Rd8 35. Qe2 Qh3+ 36. Kg1 Qf5 37. Bb2 Nc6 38. Nh4 Qb1+ 39. Kg2 Qd3 40.
Qxd3 Rxd3 41. a3 Nd4 0-1

[Event "27.Bayer.Senioren-EM2015"]
[Site ""]
[Date "2015.06.15"]
[Round "5.43"]
[White "Malik, Rosemarie"]
[Black "Otto, Klaus"]
[Result "0-1"]
[WhiteElo "1285"]
[BlackElo "1550"]
[PlyCount "98"]
[EventDate "2015.??.??"]
[WhiteTeam "SK Großweil"]
[BlackTeam "SV Triebes"]

1. e4 e6 2. d4 d5 3. Nc3 Nf6 4. e5 Nfd7 5. Nf3 c5 6. Be3 cxd4 7. Bxd4 Nc6 8.
Bb5 Nxd4 9. Bxd7+ Bxd7 10. Nxd4 Qb6 11. Rb1 Bb4 12. O-O Bxc3 13. bxc3 Qc7 14.
Nf3 b6 15. Qd2 Rc8 16. Rb2 Qxc3 17. Qxc3 Rxc3 18. Rd1 O-O 19. Rd3 Rfc8 20. Rd2
Ba4 21. Nd4 R8c4 22. h3 Kf8 23. f3 Ke7 24. Kf2 g5 25. Ke1 f6 26. exf6+ Kxf6 27.
Nb3 Be8 28. Nd4 Rc5 29. Re2 e5 30. Nb3 Rc7 31. Nc1 Bg6 32. Kd1 R7c4 33. Rd2 d4
34. Nd3 e4 35. fxe4 Bxe4 36. Ne1 Bg6 37. Rf2+ Kg7 38. Kc1 d3 39. Rd2 Rc7 40.
Kb1 dxc2+ 41. Nxc2 Bxc2+ 42. Rdxc2 Rxc2 43. Rxc2 Rxc2 44. Kxc2 Kf6 45. g4 Ke5
46. Kd3 Kd5 47. Kc3 a5 48. a4 Kc5 49. Kb3 Kd4 0-1

[Event "27.Bayer.Senioren-EM2015"]
[Site ""]
[Date "2015.06.15"]
[Round "5.44"]
[White "Sandner, Josef"]
[Black "Braeu, Emmi"]
[Result "1-0"]
[WhiteElo "1507"]
[BlackElo "1321"]
[PlyCount "87"]
[EventDate "2015.??.??"]
[WhiteTeam "SG Traunstein/Traunreut"]
[BlackTeam "SK Marktoberdorf"]

1. d4 c5 2. e3 cxd4 3. exd4 d5 4. f4 Nf6 5. Bd3 Nc6 6. c3 g6 7. Nd2 Bg7 8. Ngf3
O-O 9. O-O Bg4 10. Qe1 Qc7 11. Ne5 Bd7 12. h3 Ne8 13. Ndf3 f6 14. Nxd7 Qxd7 15.
g4 Nd6 16. Bd2 Rae8 17. f5 g5 18. h4 h6 19. Rd1 e6 20. fxe6 Rxe6 21. Qg3 Ne4
22. Qg2 Qd6 23. Be1 Qe7 24. Nd2 Re8 25. Nxe4 dxe4 26. Bc4 e3 27. Bxe6+ Qxe6 28.
d5 Qe5 29. Rf5 Qe4 30. Qxe4 Rxe4 31. dxc6 Rxg4+ 32. Kf1 bxc6 33. hxg5 hxg5 34.
Ke2 Re4 35. Rd3 Rf4 36. Rc5 Re4 37. Rxe3 Rg4 38. Rxc6 f5 39. Rc8+ Kf7 40. Rc7+
Kg6 41. Re6+ Kh7 42. Ree7 Rg2+ 43. Bf2 f4 44. Rxg7+ 1-0

[Event "27.Bayer.Senioren-EM2015"]
[Site ""]
[Date "2015.06.15"]
[Round "5.45"]
[White "Wraga, Hermann"]
[Black "Ewald, Frithjof"]
[Result "1-0"]
[WhiteElo "1445"]
[BlackElo "1319"]
[PlyCount "63"]
[EventDate "2015.??.??"]
[WhiteTeam "SG Osnabrück"]
[BlackTeam "ASV J'Adoube Grassau"]

1. e4 e5 2. Bc4 Nf6 3. Nc3 a6 4. a3 Bc5 5. Nf3 d6 6. d3 h6 7. h3 O-O 8. O-O Re8
9. Nd5 Nbd7 10. Re1 c6 11. Ne3 b5 12. Ba2 Nf8 13. c3 Ba7 14. Qc2 Nh5 15. d4 Nf4
16. Kh2 N8g6 17. Bd2 Qf6 18. Rad1 Nxh3 19. Nf5 Nxf2 20. Rc1 Ng4+ 21. Kg3 Bxf5
22. exf5 Nf4 23. Kxg4 Kh8 24. Bxf4 exf4 25. Kxf4 g5+ 26. Kg3 Rg8 27. Re2 h5 28.
Rh1 h4+ 29. Kf2 c5 30. Re4 cxd4 31. cxd4 Qxf5 32. Rexh4+ 1-0

[Event "27.Bayer.Senioren-EM2015"]
[Site ""]
[Date "2015.06.15"]
[Round "5.46"]
[White "Walther, Renate"]
[Black "Wraga, Teresa"]
[Result "0-1"]
[WhiteElo "837"]
[BlackElo "1424"]
[PlyCount "66"]
[EventDate "2015.??.??"]
[WhiteTeam "SK Herzogenaurach"]
[BlackTeam "SG Osnabrück"]

1. e4 d6 2. d4 Nf6 3. Nc3 g6 4. Nf3 Bg7 5. h3 O-O 6. Be3 Nbd7 7. Be2 b6 8. a3
Bb7 9. Nd2 c5 10. dxc5 Nxc5 11. Bf3 Ncd7 12. O-O Ne5 13. Be2 Nc6 14. Bd3 e5 15.
Rb1 Nd4 16. f3 Nh5 17. Ne2 Nxe2+ 18. Bxe2 Nf4 19. Rf2 d5 20. Bxf4 exf4 21. Bd3
Bd4 22. Kf1 Bxf2 23. Kxf2 dxe4 24. Nxe4 Bxe4 25. Bxe4 Qxd1 26. Rxd1 Rad8 27.
Rd3 Rxd3 28. Bxd3 Re8 29. Be2 Kg7 30. c4 f5 31. b4 Kf6 32. c5 bxc5 33. bxc5 Rc8
0-1

[Event "27.Bayer.Senioren-EM2015"]
[Site ""]
[Date "2015.06.15"]
[Round "5.47"]
[White "Jehn, Detlef"]
[Black "Hartlaub, Marianne"]
[Result "1-0"]
[WhiteElo "1486"]
[BlackElo "1367"]
[PlyCount "30"]
[EventDate "2015.??.??"]
[WhiteTeam "SF Bad Reichenhall"]
[BlackTeam "SK Klingenberg"]

1. e4 d6 2. Bc4 e5 3. Nf3 Nf6 4. d3 c6 5. c3 b5 6. Bb3 Be7 7. h3 O-O 8. Be3 a5
9. a4 Bd7 10. Nbd2 c5 11. axb5 Bxb5 12. c4 Bc6 13. Ba4 Qb6 14. b3 Nbd7 15. O-O
Qb5 1-0

[Event "27.Bayer.Senioren-EM2015"]
[Site ""]
[Date "2015.06.15"]
[Round "5.48"]
[White "Jurgan, Brigitte"]
[Black "Rosmann, Armin"]
[Result "0-1"]
[WhiteElo "1236"]
[BlackElo "1403"]
[PlyCount "118"]
[EventDate "2015.??.??"]
[WhiteTeam "ASV J'Adoube Grassau"]
[BlackTeam "TSV Ebermannstadt"]

1. d4 Nf6 2. Nf3 d5 3. g3 Bf5 4. c3 Qd7 5. Bg2 Nc6 6. Bf4 Nh5 7. Be3 Bh3 8. O-O
Bxg2 9. Kxg2 e6 10. Ne5 Nxe5 11. dxe5 g6 12. Bd4 Ng7 13. Nd2 c5 14. Be3 Be7 15.
f4 Nf5 16. Bf2 d4 17. cxd4 cxd4 18. Nf3 Bc5 19. a3 O-O 20. b4 Bb6 21. a4 a6 22.
a5 Ba7 23. Qa4 Qd5 24. Rfd1 Qe4 25. Qa2 Rfd8 26. Rd2 Ne3+ 27. Bxe3 dxe3 28.
Rdd1 Rac8 29. Qb1 Qc4 30. Kf1 Rxd1+ 31. Qxd1 Qxb4 32. Qd7 Rf8 33. Qa4 Qb2 34.
Qa2 Qc3 35. Rb1 Qc6 36. Qb3 Rb8 37. Qd1 h6 38. h4 Qe4 39. Qd3 Qa4 40. Qc3 Qc6
41. Qxc6 bxc6 42. Rxb8+ Bxb8 43. Nd4 c5 44. Nc6 Bc7 45. Ke1 Kf8 46. Kd1 Ke8 47.
Kc2 Kd7 48. Nd4 cxd4 49. Kd3 Bxa5 50. Kxd4 Be1 51. g4 Bxh4 52. Kxe3 Kc6 53. Kd3
Kc5 54. Kd2 a5 55. Kc2 Kb4 56. Kb2 f5 57. gxf5 gxf5 58. Ka2 Bg3 59. e3 h5 0-1

[Event "27.Bayer.Senioren-EM2015"]
[Site ""]
[Date "2015.06.15"]
[Round "5.49"]
[White "Rudek, Gerald"]
[Black "Schubert, Juergen"]
[Result "1-0"]
[WhiteElo "1453"]
[BlackElo "1124"]
[PlyCount "87"]
[EventDate "2015.??.??"]
[WhiteTeam "SC Feuchtwangen"]
[BlackTeam "Münchener SC"]

1. f4 d5 2. Nf3 Bg4 3. e3 Nf6 4. Be2 e6 5. d3 c5 6. c3 Bd6 7. O-O b5 8. Qc2
Nbd7 9. e4 dxe4 10. dxe4 c4 11. Be3 Bc7 12. Nbd2 O-O 13. h3 Bh5 14. g4 Bg6 15.
f5 exf5 16. exf5 Re8 17. fxg6 fxg6 18. Rae1 Rxe3 19. Bxc4+ bxc4 20. Rxe3 Bb6
21. Nd4 Nc5 22. Nxc4 Qd7 23. Nxb6 axb6 24. b4 Na4 25. Rfe1 b5 26. Qg2 Nb6 27.
Re7 Qd5 28. R1e2 Qxg2+ 29. Rxg2 Nbd5 30. Rb7 Nxc3 31. Nxb5 Nxa2 32. Nd6 h6 33.
Rc2 Rd8 34. Rc8 Rxc8 35. Nxc8 Kh7 36. b5 Nc3 37. b6 Nfd5 38. Rf7 Kg8 39. Rd7
Nxb6 40. Nxb6 g5 41. Nd5 Ne2+ 42. Kf2 Nc1 43. Ne3 Nb3 44. Nf5 1-0

[Event "27.Bayer.Senioren-EM2015"]
[Site ""]
[Date "2015.06.15"]
[Round "6.1"]
[White "Roeder, Frank"]
[Black "Kurka, Dieter"]
[Result "1-0"]
[WhiteElo "2184"]
[BlackElo "1931"]
[PlyCount "73"]
[EventDate "2015.??.??"]
[WhiteTeam "SV Altensittenbach"]
[BlackTeam "Kölner SK Dr. Lasker"]

1. e4 e5 2. Nc3 Nf6 3. Bc4 Bc5 4. d3 h6 5. Be3 Bxe3 6. fxe3 c6 7. Nf3 d5 8.
exd5 cxd5 9. Bb5+ Bd7 10. Nxe5 Bxb5 11. Nxb5 Qb6 12. Nd4 Nc6 13. Nexc6 bxc6 14.
O-O c5 15. Nf5 O-O 16. Qf3 h5 17. Ne7+ Kh8 18. Nxd5 Nxd5 19. Qxd5 Qxb2 20. Qxc5
Rac8 21. Qxh5+ Kg8 22. c4 Qd2 23. Rf3 Qxd3 24. Rh3 f6 25. Rd1 Qxc4 26. Qh7+ Kf7
27. Rg3 Rg8 28. Rd7+ Ke6 29. Qh3+ f5 30. Rd1 g6 31. e4 Qc5+ 32. Kh1 Rcf8 33.
Qh7 fxe4 34. Rg4 e3 35. Re4+ Kf5 36. Qh4 g5 37. Rf1+ 1-0

[Event "27.Bayer.Senioren-EM2015"]
[Site ""]
[Date "2015.06.15"]
[Round "6.2"]
[White "Siegmund, Rainer"]
[Black "Schmidt, Gerhard"]
[Result "1/2-1/2"]
[WhiteElo "1991"]
[BlackElo "2131"]
[PlyCount "25"]
[EventDate "2015.??.??"]
[WhiteTeam "SV Dresden-Striesen"]
[BlackTeam "SC Unterhaching"]

1. d4 d5 2. c4 e6 3. Nc3 Nf6 4. cxd5 exd5 5. Bg5 Be7 6. e3 c6 7. Bd3 Nbd7 8.
Qc2 Nh5 9. Bxe7 Qxe7 10. Nge2 g6 11. O-O O-O 12. Ng3 Nxg3 13. hxg3 1/2-1/2

[Event "27.Bayer.Senioren-EM2015"]
[Site ""]
[Date "2015.06.15"]
[Round "6.3"]
[White "Trescher, Manfred"]
[Black "Goy, Udo"]
[Result "1-0"]
[WhiteElo "2062"]
[BlackElo "2084"]
[PlyCount "87"]
[EventDate "2015.??.??"]
[WhiteTeam "Stiftung BSW - SG München"]
[BlackTeam "Ford SF Köln"]

1. e4 d6 2. d4 Nf6 3. Nc3 c6 4. f4 e6 5. Nf3 Be7 6. Bd3 b5 7. e5 Nd5 8. Nxd5
exd5 9. c3 dxe5 10. fxe5 Bg4 11. O-O Nd7 12. h3 Be6 13. Qc2 h6 14. Bf5 Nf8 15.
Be3 Qd7 16. Nh2 a6 17. Rf3 Bxf5 18. Rxf5 Ne6 19. Raf1 Rf8 20. Ng4 Bg5 21. Qf2
Bxe3 22. Qxe3 O-O-O 23. h4 Qe7 24. Qf2 Rd7 25. Rf3 h5 26. Ne3 g6 27. Rf6 Kb7
28. b4 Rc7 29. g3 Rd7 30. Ng2 g5 31. Qf5 Rg8 32. Rxf7 Qxf7 33. Qxf7 Rxf7 34.
Rxf7+ Nc7 35. Kh2 gxh4 36. Nxh4 a5 37. a3 axb4 38. axb4 Ra8 39. Nf5 Kb6 40. Ng7
Ra2+ 41. Kh3 Rc2 42. Rf3 Kb7 43. Re3 Kc8 44. e6 1-0

[Event "27.Bayer.Senioren-EM2015"]
[Site ""]
[Date "2015.06.15"]
[Round "6.4"]
[White "Urytskyy, Arkadiy"]
[Black "Daeubler, Heinrich"]
[Result "1/2-1/2"]
[WhiteElo "2078"]
[BlackElo "2058"]
[PlyCount "78"]
[EventDate "2015.??.??"]
[WhiteTeam "TSV Bindlach"]
[BlackTeam "SC Haselmühl"]

1. Nf3 Nf6 2. c4 g6 3. b3 Bg7 4. Bb2 O-O 5. g3 d6 6. d4 Nc6 7. Bg2 a6 8. d5 Na5
9. O-O c5 10. dxc6 Nxc6 11. Nc3 Ne4 12. Qc1 Nxc3 13. Bxc3 Bxc3 14. Qxc3 Qa5 15.
Qb2 Rb8 16. Rfd1 Qh5 17. Rd5 Qh6 18. Rad1 Be6 19. R5d3 Rfc8 20. Rc3 Bh3 21. Bh1
Nd8 22. Re3 Ne6 23. a4 Rc7 24. Ne1 Nc5 25. Nc2 Qg7 26. Qxg7+ Kxg7 27. Nd4 Ne6
28. Nc2 Nc5 29. Ra1 b6 30. Nd4 Rbc8 31. f4 h5 32. Kf2 Kf6 33. a5 bxa5 34. Rxa5
Rb8 35. Ra3 Rb6 36. Nc2 Bf5 37. Nd4 Bc8 38. Nc2 Bf5 39. Nd4 Bc8 1/2-1/2

[Event "27.Bayer.Senioren-EM2015"]
[Site ""]
[Date "2015.06.15"]
[Round "6.5"]
[White "Straub, Peter"]
[Black "Jergler, Karl-Heinz"]
[Result "1/2-1/2"]
[WhiteElo "1965"]
[BlackElo "2076"]
[PlyCount "64"]
[EventDate "2015.??.??"]
[WhiteTeam "SK Mering"]
[BlackTeam "SC Waldkraiburg"]

1. d4 Nf6 2. c4 g6 3. Nf3 Bg7 4. g3 O-O 5. Bg2 d5 6. O-O dxc4 7. Na3 Nc6 8.
Nxc4 Be6 9. b3 Bd5 10. Bb2 a5 11. Rc1 Bh6 12. e3 Ra6 13. Nce5 a4 14. bxa4 Qa8
15. Nxc6 Bxc6 16. Ne5 Bxg2 17. Kxg2 c6 18. Qf3 Rxa4 19. a3 Bg7 20. Rc5 Ra5 21.
Rfc1 Rxc5 22. Rxc5 Qd8 23. a4 Nd7 24. Nxd7 Qxd7 25. Bc3 e6 26. Rc4 Re8 27. e4
b5 28. axb5 cxb5 29. Rb4 Bf8 30. Rb3 Rc8 31. d5 Bg7 32. Bxg7 Kxg7 1/2-1/2

[Event "27.Bayer.Senioren-EM2015"]
[Site ""]
[Date "2015.06.15"]
[Round "6.6"]
[White "Blodig, Reinhard"]
[Black "Fischer, Gerd"]
[Result "1/2-1/2"]
[WhiteElo "1999"]
[BlackElo "2011"]
[PlyCount "84"]
[EventDate "2015.??.??"]
[WhiteTeam "TV Riedenburg"]
[BlackTeam "FC Gunzenhausen"]

1. g3 d5 2. Nf3 Nf6 3. Bg2 g6 4. c4 Bg7 5. O-O O-O 6. cxd5 Nxd5 7. d4 c6 8. e3
Nd7 9. Qe2 N7f6 10. Rd1 Nb6 11. Bd2 Be6 12. b3 Ne4 13. Ba5 Qc8 14. Nbd2 Nxd2
15. Rxd2 Bg4 16. Rc2 h6 17. Rac1 Qe6 18. Be1 Rfd8 19. Qf1 Bf5 20. Rc5 Nd7 21.
R5c4 Nb6 22. Rc5 Nd7 23. R5c4 Be4 24. Nd2 Bxg2 25. Qxg2 Nb6 26. R4c2 Rd5 27.
Qe4 Qd7 28. Rc5 f5 29. Qc2 Rd8 30. Nf3 Qe6 31. Ba5 R8d7 32. Bxb6 axb6 33. Rxd5
Rxd5 34. b4 Kh7 35. Rb1 Bf6 36. h4 Kg7 37. Kg2 Qd7 38. Qb3 b5 39. Rc1 Qd6 40.
Rc5 e6 41. Rxd5 exd5 42. a3 Qe7 1/2-1/2

[Event "27.Bayer.Senioren-EM2015"]
[Site ""]
[Date "2015.06.15"]
[Round "6.7"]
[White "Wolf, Walter"]
[Black "Pidtoptanyy, Igor"]
[Result "1-0"]
[WhiteElo "2084"]
[BlackElo "1823"]
[PlyCount "101"]
[EventDate "2015.??.??"]
[WhiteTeam "Stuttgarter SF"]
[BlackTeam "SW Nürnberg Süd"]

1. b3 e5 2. Bb2 Nc6 3. e3 g6 4. c4 Bg7 5. Nc3 Nge7 6. Nf3 d6 7. d4 exd4 8. Nxd4
Nxd4 9. exd4 O-O 10. d5 Nf5 11. Be2 Re8 12. O-O Nd4 13. Bd3 Bf5 14. Bxf5 Nxf5
15. Qd2 a6 16. Rfe1 Qh4 17. Rad1 Be5 18. g3 Qh6 19. Qd3 Qf8 20. Re4 Bg7 21.
Rde1 Rxe4 22. Qxe4 Bf6 23. Kg2 Ng7 24. Qc2 Be5 25. f4 Bxc3 26. Qxc3 f6 27. Qxf6
Qxf6 28. Bxf6 Re8 29. Rxe8+ Nxe8 30. Bc3 Kf7 31. Kf3 c6 32. Ke4 Nc7 33. dxc6
bxc6 34. g4 Ne6 35. b4 Nc7 36. a4 Ke6 37. f5+ Kf7 38. h4 h5 39. g5 d5+ 40. cxd5
Nxd5 41. fxg6+ Kxg6 42. Be1 Nb6 43. a5 Nc4 44. Kd4 Nb2 45. Bc3 Nd1 46. Kc4 Ne3+
47. Kc5 Nd5 48. Bd2 Ne7 49. Kb6 Nf5 50. Be1 Nd4 51. Kxa6 1-0

[Event "27.Bayer.Senioren-EM2015"]
[Site ""]
[Date "2015.06.15"]
[Round "6.8"]
[White "Gerhards, Walter"]
[Black "Walther, Reinhard"]
[Result "0-1"]
[WhiteElo "1756"]
[BlackElo "1942"]
[PlyCount "116"]
[EventDate "2015.??.??"]
[WhiteTeam "Ratinger SK"]
[BlackTeam "SK Herzogenaurach"]

1. e4 d6 2. d4 Nf6 3. Nc3 g6 4. Nf3 Bg7 5. h3 O-O 6. Be3 c6 7. Qd2 b5 8. Bd3
Nbd7 9. O-O Bb7 10. Rad1 Qc7 11. Bh6 b4 12. Ne2 c5 13. Bxg7 Kxg7 14. Ng3 c4 15.
Be2 Nxe4 16. Nxe4 Bxe4 17. Qxb4 Rab8 18. Qc3 d5 19. b3 Nb6 20. Nd2 Bf5 21. bxc4
dxc4 22. Bf3 Rfc8 23. g4 Na4 24. Qa3 Bxc2 25. Rc1 Rb2 26. Be4 c3 27. Rxc2 Rxc2
28. Nb3 Rb2 29. Qxa4 Qf4 30. d5 Qe5 31. Nc1 f5 32. Bg2 Rd2 33. Qxa7 fxg4 34.
hxg4 Rf8 35. Nb3 Qe2 36. Nxd2 cxd2 37. Qd4+ Kg8 38. f3 Rc8 39. d6 Rd8 40. d7
Qe1 41. Qe4 Qxf1+ 42. Bxf1 d1=Q 43. Qxe7 Rxd7 44. Qe8+ Kg7 45. Qe5+ Kf7 46. Kf2
Qd4+ 47. Qxd4 Rxd4 48. Ke3 Ra4 49. Bc4+ Kf6 50. Kd3 Ke5 51. Bb3 Rb4 52. Ke3 h5
53. Bf7 Kf6 54. Bb3 hxg4 55. fxg4 Rxg4 56. Kf3 Rb4 57. Bd5 g5 58. Bc6 Rc4 0-1